000 00836nam a2200229Ia 4500
001 15317
003 GE_BSU
008 181216s||||||||xx |||||||||||||| ||und||
040 _cGE_BSU
080 _a821.353.1-4
100 _aშატბერაშვილი,ბორის
245 _aმიწა და ადმიანები
245 _bმხატვრული ნარკვევები
245 _cრედ.გ.ბერძენიშვილი. მხატვ.ლ.ბურდული
260 _aთბილისი
260 _bსაბჭოთა საქართველო
260 _c1975
300 _a127გვ.20სმ.
653 _aმიწა და ადმიანები
653 _aმხატვრული ნარკვევები
942 _cBK
999 _c48425
_d48425